000 00603nam a2200205 a 4500
005 20140310183553.0
008 111015s19uu xx 00 eng d
020 _a9788131307564
050 _aLC 4031
_b.Ar793 2010
100 _aArunachalam, N.
245 _aSpecial education :
_bself instructional module on behavioral disorders /
_cDr. N. Arunachalam, Sri R. Gopal.
260 _aNew Delhi :
_bA PH Publishing,
_c2010.
300 _a175 p. :
_c24 cm.
521 _aEDU
650 _aSpecial education
700 _aGopal, Sri
942 _cBK
_2lcc
_kFOR
999 _c24986
_d24986